000 01265nam a2200349 a 4500
001 000115719
003 CHAP
005 20220329144545.0
008 190627s2018 mx a sm |||||||spa d
010 _a112180
011 _a113152
040 _cCHAP
090 _aTesis
100 1 _aJuárez Ortiz, Noemí.
_9136339
245 1 0 _aTecnología de producción de semilla certificada de maíz H-515 /
_h[En línea]
_cpor Noemi Juárez Ortíz.
260 _aChapingo, Méx. :
_bEl autor,
_c2018.
500 _aPara ver el contenido del material haga clic en la liga
502 _aTesis (Ing. Agr. Fitotecnista) -- Colegio Superior Agropecuario del Estado de Guerrero. Centro de Estudios Profesionales
590 _aBATCH-UPD
_b05
_c20190628
_lUCH01
_h1024
590 _aE8697GMM
_b05
_c20190627
_lUCH01
_h1328
590 _aE8697GMM
_b05
_c20190627
_lUCH01
_h1329
590 _aE8697GMM
_b05
_c20190628
_lUCH01
_h1023
590 _aE8697GMM
_b05
_c20190703
_lUCH01
_h1519
650 1 4 _aMaíz
_xCalidad.
_970894
650 1 4 _aMaíz
_xHíbridos.
_970974
650 1 4 _aMaíz
_xProducción.
_971041
650 1 4 _aMaíz
_xRendimiento.
_971051
856 _aFinding aid
_uhttp://10.13.5.2/tesis/sist115719.pdf
_zTeclea aquí
901 _aBK
942 _cTESIS
942 _n0
999 _c112180
_d112180